| 000 | 01166cam a2200349 a 4500 | ||
|---|---|---|---|
| 001 | 17352684 | ||
| 005 | 20141012122418.0 | ||
| 008 | 120619t2012 xxk frb 001 0 eng d | ||
| 010 | _a2011277694 | ||
| 020 | _a9781848138827 | ||
| 020 | _a1848138822 | ||
| 020 | _a9781848138834 | ||
| 020 | _a1848138830 | ||
| 040 |
_aBTCTA _beng _cBTCTA _dYDXCP _dYDX _dUKMGB _dDEBBG _dBWX _dYOU _dCUV _dDLC _dEG-ScBUE |
||
| 043 | _af------ | ||
| 082 | 0 | 0 |
_222 _a303.69096 _bAFR |
| 245 | 0 | 0 |
_aAfrican conflicts and informal power : _bbig men and networks / _cedited by Mats Utas. |
| 260 |
_aLondon ; _aNew York, United States : _bZed Books Ltd, _cc.2012. |
||
| 300 |
_avii, 255 p. ; _c24 cm. |
||
| 490 | 1 | _aAfrica Now | |
| 500 | _aIndex : p. 251-255. | ||
| 504 | _aIncludes bibliographical reference. | ||
| 650 | 0 |
_aConflict management _zAfrica _936194 |
|
| 651 | 0 |
_aAfrica _xHistory _936195 |
|
| 651 | 0 |
_aAfrica _xPolitics and government _y1960- _936196 |
|
| 653 |
_bBUSBOL _cOctober2014 |
||
| 655 |
_vtext book _933728 |
||
| 700 | 1 |
_aUtas, Mats _936197 _eeditor. |
|
| 710 |
_aNordiska Afrikainstitutet _936198 |
||
| 830 | 0 | _aAfrica now (Zed Books) | |
| 942 |
_2ddc _k303.69096 AFR |
||
| 999 |
_c18446 _d18418 |
||